Gestión financiera de la empresa / (Record no. 118834)

MARC details
000 -LEADER
campo de control de longitud fija 00673nam a2200217 4500
001 - NÚMERO DE CONTROL
campo de control 118834
003 - IDENTIFICADOR DE NÚMERO DE CONTROL
campo de control ES-MaACL
005 - FECHA Y HORA DE LA ÚLTIMA TRANSACCIÓN
campo de control 20230906191204.0
007 - CAMPO FIJO DE DESCRIPCIÓN FÍSICA--INFORMACIÓN GENERAL
campo de control de longitud fija t|
008 - DATOS DE LONGITUD FIJA--INFORMACIÓN GENERAL
campo de control de longitud fija 070214s1981 sp r ||||1| spa d
100 1# - ENTRADA PRINCIPAL--NOMBRE DE PERSONA
Nombre de persona Pérez-Carballo, A.
9 (RLIN) 90704
245 10 - MENCIÓN DEL TÍTULO
Título Gestión financiera de la empresa /
Mención de responsabilidad, etc. A. Pérez-Carballo y E. Vela Sastre.
260 ## - PUBLICACIÓN, DISTRIBUCIÓN, ETC.
Lugar de publicación, distribución, etc. Madrid :
Nombre del editor, distribuidor, etc. Alianza,
Fecha de publicación, distribución, etc. 1981.
300 ## - DESCRIPCIÓN FÍSICA
Extensión X, 893 p. ;
Dimensiones 23 cm.
490 1# - MENCIÓN DE SERIE
Mención de serie Alianza universidad. Textos ;
Designación de volumen o secuencia 36
700 1# - ENTRADA AGREGADA--NOMBRE PERSONAL
Nombre de persona Vela Sastre, E.
9 (RLIN) 113693
830 0# - PUNTO DE ACCESO ADICIONAL DE SERIE-TÍTULO UNIFORME
Título uniforme Alianza universidad. Textos ;
Designación de volumen o secuencia 36
9 (RLIN) 177885
852 ## - LOCALIZACIÓN
Ubicación ES-MaACL
Número de control de estantería L-3093
Sublocalización o colección R.103507
852 ## - LOCALIZACIÓN
Ubicación ES-MaACL
Número de control de estantería L-1476
Sublocalización o colección R.102290
Holdings
Estatus retirado Estado de pérdida Estado de daño No para préstamo Biblioteca de origen Biblioteca actual Ubicación en estantería Fecha de adquisición Fuente de adquisición Total de préstamos Signatura topográfica completa Código de barras Visto por última vez Precio de reemplazo Tipo de ítem Koha
        Biblioteca del Ateneo de Madrid Biblioteca del Ateneo de Madrid Depósito 2 17/01/2008     L-1476 1123885 23/02/2023 23/02/2023 Libro impreso
        Biblioteca del Ateneo de Madrid Biblioteca del Ateneo de Madrid Depósito 2 17/01/2008     L-3093 1123884 23/02/2023 23/02/2023 Libro impreso